Datum a čas kvízu
17
Celkem bodů
Celkový počet nahraných bodů na tomto kvízu bez doplňovacích otázek.
8.
Pořadí na kvízu
Konečné umístění týmu na tomto kvízu.
Zaznamenané odpovědi
| # | Otázka | Odpověď | Body | Výsledky |
|---|---|---|---|---|
| 1. | Minulý pátek v 18 hodin se po... | 0 | ||
| 2. | Americká Federální komise pro... | 1 | ||
| 3. | Francouzský herec Gérard Depar... | 0 | ||
| 4. | Společnost Coca-Cola je první... | 0 | ||
| 5. | Cristiano Ronaldo dostal svou... | 0 | ||
| 5. | O Ferdinandovi Porsche, zaklad... | 0 | ||
| 5. | Opel je součástí skupiny Group... | 0 | ||
| 5. | Jak se jmenovala značka, která... | 0 | ||
| 5. | Díváme se na legendární užitko... | 0 | ||
| 5. | Kim Čong-Il, Adolf Hitler, Idi... | 1 |